[Event "13th Norway Chess 2025"]
[Site "Stavanger NOR"]
[Date "2025.05.27"]
[Round "2.1"]
[White "Erigaisi, Arjun"]
[Black "Gukesh, D.."]
[Result "1-0"]
[WhiteElo "2782"]
[BlackElo "2787"]
[Annotator "RR"]
[PlyCount "123"]
[EventDate "2025.05.26"]

1. d4 Nf6 2. c4 e6 3. Nc3 Bb4 4. g3 O-O 5. Bg2 d5 6. a3 ({Relevant:} 6. Nf3 dxc4 7. O-O Nc6 8. a3 Be7 9. e4 Na5 10. Be3 Nb3 11. Rb1 c5 12. dxc5 Bxc5 13. Bxc5 Nxc5 14. Qe2 b6 15. Rfd1 Qe8 16. Qxc4 Ba6 17. Qd4 Rd8 18. Qe3 Rxd1+ 19. Rxd1 Na4 20. e5 Nxc3 21. exf6 Qa4 22. Rd2 Nd5 23. Qd4 Qxd4 24. Nxd4 Nxf6 25. Nc6 Bc4 26. Nxa7 Bd5 27. Rc2 Bxg2 28. Kxg2 Rb8 29. Kf3 Kf8 30. Rc8+ Rxc8 31. Nxc8 Nd5 32. Ke4 f6 33. Nd6 g6 34. f4 Ke7 35. Nb5 Kd7 {1-0 Robson,R (2689)-Dominguez Perez,L (2741) Champions Showdown Kings blitz Saint Louis 2025 (1.3)}) 6... Bxc3+ {6...Bxc3+ is better than 6...Be7.} 7. bxc3 dxc4 8. a4 $5 {[%mdl 4] An interesting side line.} ({RR} 8. Nf3 c5 9. O-O cxd4 10. Qxd4 Nc6 11. Qxc4 e5 12. Bg5 h6 13. Rfd1 Be6 14. Rxd8 Bxc4 15. Rxa8 Rxa8 16. Bxf6 gxf6 17. Kf1 Rd8 18. Ke1 Na5 19. Rd1 Rc8 20. Nd2 Be6 21. c4 Bxc4 22. Nxc4 Rxc4 {Carlsen,M (2861)-Niemann,H (2688) Saint Louis 2022 0-1 (57)}) ({RR} 8. Qa4 Bd7 9. Qxc4 Bc6 10. f3 Qd7 11. e4 Bb5 12. Qa2 Qc6 13. a4 Bc4 14. Qd2 Qa6 15. Ne2 c5 16. Ba3 Nbd7 17. Kf2 Rfd8 18. Qe3 Rac8 19. Rhe1 b6 20. Kg1 Qa5 21. Bb2 Nb8 22. g4 Nc6 {Lovrinovic,C (2062)-Bacrot,E (2633) Austria AUT 2025 0-1 (47)}) ({RR} 8. Nf3 c5 9. O-O cxd4 10. Qxd4 Nc6 11. Qxc4 e5 12. Bg5 h6 13. Rfd1 Be6 14. Rxd8 Bxc4 15. Rxa8 Rxa8 16. Bxf6 gxf6 17. Kf1 Rd8 18. Ke1 Na5 19. Rd1 Rc8 20. Nd2 Be6 21. c4 Bxc4 22. Nxc4 Rxc4 {Carlsen,M (2861)-Niemann,H (2688) Saint Louis 2022 0-1 (57)}) 8... c5 $1 {[#]} ({RR} 8... Re8 9. Nf3 c5 10. Ne5 Qa5 11. Qd2 Qa6 12. O-O Nbd7 13. f4 cxd4 14. cxd4 Nd5 15. e4 Ne7 16. Qc3 Nxe5 17. fxe5 Ng6 18. h4 Bd7 19. h5 Nh8 20. a5 b6 21. h6 Rec8 22. Qf3 Be8 23. Bg5 {Bronstein,O (2443)-Cieslak,P (2442) Ceske Budejovice CZE 2025 ½-½ (57)}) ({RR} 8... Re8 9. Nf3 Bd7 10. Ne5 Bc6 11. Nxc6 Nxc6 12. a5 Nd5 13. Qd2 b6 14. e4 Nxa5 15. Rxa5 bxa5 16. exd5 exd5+ 17. Kf1 Qd7 18. h4 Rab8 19. Bf3 a4 20. Kg2 Rb3 21. Bd1 Qe7 22. Bxb3 axb3 23. Qe3 {Erigaisi,A (2782)-Fernandez,D (2484) London ENG 2025 1-0 (51)}) 9. Ba3 $146 ({Predecessor:} 9. a5 Na6 10. Nf3 Nd5 11. Bb2 Bd7 12. e4 Ne7 13. O-O Rc8 14. Ne5 Bb5 15. d5 Qd6 16. Ng4 exd5 17. exd5 Rcd8 18. Ne3 Nc7 19. Qh5 Ncxd5 20. Rfd1 Bc6 21. Nxc4 Qc7 22. Nd2 b6 23. c4 Nb4 24. Ne4 f6 25. axb6 axb6 26. Qe2 Rxd1+ 27. Rxd1 Rd8 28. Rxd8+ Qxd8 29. Nxf6+ gxf6 30. Qe6+ Kf8 31. Qxf6+ Ke8 32. Qh8+ {1-0 Lekic,D (2425)-Lirindzakis,T (2235) Anogia op 4th 2015 (9)}) ({RR} 9. a5 Na6 10. Nf3 Nd5 11. Bb2 Bd7 12. e4 Ne7 13. O-O Rc8 14. Ne5 Bb5 15. d5 Qd6 16. Ng4 exd5 17. exd5 Rcd8 18. Ne3 Nc7 19. Qh5 Ncxd5 20. Rfd1 Bc6 21. Nxc4 Qc7 22. Nd2 b6 23. c4 Nb4 {Lekic,D (2425)-Lirindzakis,T (2235) Anogia 2015 1-0 (32)}) ({RR} 9. a5 Na6 10. Nf3 Nd5 11. Bb2 Bd7 12. e4 Ne7 13. O-O Rc8 14. Ne5 Bb5 15. d5 Qd6 16. Ng4 exd5 17. exd5 Rcd8 18. Ne3 Nc7 19. Qh5 Ncxd5 20. Rfd1 Bc6 21. Nxc4 Qc7 22. Nd2 b6 23. c4 Nb4 {Lekic,D (2425)-Lirindzakis,T (2235) Anogia 2015 1-0 (32)}) 9... Qa5 10. Qc2 Rd8 11. Bxc5 Na6 12. Be7 Rxd4 13. Nf3 Rd7 14. Bxf6 gxf6 15. Nd2 Qc7 16. a5 Rb8 17. O-O b5 18. axb6 axb6 19. Ne4 Kg7 20. g4 Nc5 21. Ng3 Qe5 22. Rad1 b5 23. f4 Qe3+ 24. Kh1 Rxd1 25. Qxd1 Nd7 26. Bc6 Rb6 $4 {The losing mistake.} (26... b4 27. cxb4 Rxb4 $11) 27. Nh5+ $1 $18 Kh8 28. Rf3 Qc5 29. Bxd7 Rd6 30. Qe1 Bb7 31. e4 Rxd7 (31... f5 32. gxf5 Rxd7 $18) 32. Nxf6 $18 Rd3 33. Qh4 $3 Kg7 34. Rxd3 $2 (34. f5 Qc8 35. Qg5+ $18) 34... cxd3 $16 35. Nh5+ Kg8 36. Qd8+ Qf8 37. Qxd3 $2 (37. Nf6+ Kg7 38. Qd4 $18) 37... f5 $18 38. Qd7 Bxe4+ 39. Kg1 Bd5 40. gxf5 $4 (40. Qxb5 Qa8 41. Nf6+ $18) 40... Qc5+ 41. Kf1 Bc4+ 42. Kg2 Qd5+ 43. Qxd5 exd5 44. Kf3 d4 45. cxd4 b4 46. Ke3 Kf7 47. Ng3 Ke7 48. Kd2 Kd6 49. Ne4+ Kd5 50. Ke3 b3 $6 (50... Kc6 51. Nf6 Kd6 $18) 51. f6 $4 (51. Nc3+ Kd6 52. Kd2 $18) 51... Ke6 $11 52. f5+ $1 Kd7 53. Kd2 b2 54. Nc5+ Ke8 55. Kc2 Kf7 56. Kxb2 Bf1 $2 (56... Bd5 57. Nd7 Be4 $16) 57. Ne4 $18 Bg2 58. Ng3 Kxf6 59. h4 Bd5 60. Kc3 Ke7 61. Kd3 Kd6 62. Ne4+ 1-0

[Event "13th Norway Chess 2025"]
[Site "Stavanger NOR"]
[Date "2025.05.27"]
[Round "2.1"]
[White "Erigaisi, Arjun"]
[Black "Gukesh, D.."]
[Result "1-0"]
[WhiteElo "2782"]
[BlackElo "2787"]
[Annotator "Chessbase"]
[PlyCount "123"]
[EventDate "2025.05.26"]

1. d4 Nf6 2. c4 e6 3. Nc3 Bb4 4. g3 O-O 5. Bg2 d5 6. a3 Bxc3+ 7. bxc3 dxc4 8. a4 ({RR} 8. Nf3 c5 9. O-O cxd4 10. Qxd4 Nc6 11. Qxc4 e5 12. Bg5 h6 13. Rfd1 Be6 14. Rxd8 Bxc4 15. Rxa8 Rxa8 16. Bxf6 gxf6 17. Kf1 Rd8 18. Ke1 Na5 19. Rd1 Rc8 20. Nd2 Be6 21. c4 Bxc4 22. Nxc4 Rxc4 {Carlsen,M (2861)-Niemann,H (2688) Saint Louis 2022 0-1 (57)}) ({RR} 8. Qa4 Bd7 9. Qxc4 Bc6 10. f3 Qd7 11. e4 Bb5 12. Qa2 Qc6 13. a4 Bc4 14. Qd2 Qa6 15. Ne2 c5 16. Ba3 Nbd7 17. Kf2 Rfd8 18. Qe3 Rac8 19. Rhe1 b6 20. Kg1 Qa5 21. Bb2 Nb8 22. g4 Nc6 {Lovrinovic,C (2062)-Bacrot,E (2633) Austria AUT 2025 0-1 (47)}) ({RR} 8. Nf3 c5 9. O-O cxd4 10. Qxd4 Nc6 11. Qxc4 e5 12. Bg5 h6 13. Rfd1 Be6 14. Rxd8 Bxc4 15. Rxa8 Rxa8 16. Bxf6 gxf6 17. Kf1 Rd8 18. Ke1 Na5 19. Rd1 Rc8 20. Nd2 Be6 21. c4 Bxc4 22. Nxc4 Rxc4 {Carlsen,M (2861)-Niemann,H (2688) Saint Louis 2022 0-1 (57)}) 8... c5 ({RR} 8... Re8 9. Nf3 c5 10. Ne5 Qa5 11. Qd2 Qa6 12. O-O Nbd7 13. f4 cxd4 14. cxd4 Nd5 15. e4 Ne7 16. Qc3 Nxe5 17. fxe5 Ng6 18. h4 Bd7 19. h5 Nh8 20. a5 b6 21. h6 Rec8 22. Qf3 Be8 23. Bg5 {Bronstein,O (2443)-Cieslak,P (2442) Ceske Budejovice CZE 2025 ½-½ (57)}) ({RR} 8... Re8 9. Nf3 Bd7 10. Ne5 Bc6 11. Nxc6 Nxc6 12. a5 Nd5 13. Qd2 b6 14. e4 Nxa5 15. Rxa5 bxa5 16. exd5 exd5+ 17. Kf1 Qd7 18. h4 Rab8 19. Bf3 a4 20. Kg2 Rb3 21. Bd1 Qe7 22. Bxb3 axb3 23. Qe3 {Erigaisi,A (2782)-Fernandez,D (2484) London ENG 2025 1-0 (51)}) 9. Ba3 $146 ({RR} 9. a5 Na6 10. Nf3 Nd5 11. Bb2 Bd7 12. e4 Ne7 13. O-O Rc8 14. Ne5 Bb5 15. d5 Qd6 16. Ng4 exd5 17. exd5 Rcd8 18. Ne3 Nc7 19. Qh5 Ncxd5 20. Rfd1 Bc6 21. Nxc4 Qc7 22. Nd2 b6 23. c4 Nb4 {Lekic,D (2425)-Lirindzakis,T (2235) Anogia 2015 1-0 (32)}) ({RR} 9. a5 Na6 10. Nf3 Nd5 11. Bb2 Bd7 12. e4 Ne7 13. O-O Rc8 14. Ne5 Bb5 15. d5 Qd6 16. Ng4 exd5 17. exd5 Rcd8 18. Ne3 Nc7 19. Qh5 Ncxd5 20. Rfd1 Bc6 21. Nxc4 Qc7 22. Nd2 b6 23. c4 Nb4 {Lekic,D (2425)-Lirindzakis,T (2235) Anogia 2015 1-0 (32)}) 9... Qa5 10. Qc2 Rd8 11. Bxc5 Na6 12. Be7 Rxd4 13. Nf3 Rd7 14. Bxf6 gxf6 15. Nd2 Qc7 16. a5 Rb8 17. O-O b5 18. axb6 axb6 19. Ne4 Kg7 20. g4 Nc5 21. Ng3 Qe5 22. Rad1 b5 23. f4 Qe3+ 24. Kh1 Rxd1 25. Qxd1 Nd7 26. Bc6 Rb6 27. Nh5+ Kh8 28. Rf3 Qc5 29. Bxd7 Rd6 30. Qe1 Bb7 31. e4 Rxd7 32. Nxf6 Rd3 33. Qh4 Kg7 34. Rxd3 cxd3 35. Nh5+ Kg8 36. Qd8+ Qf8 37. Qxd3 f5 38. Qd7 Bxe4+ 39. Kg1 Bd5 40. gxf5 Qc5+ 41. Kf1 Bc4+ 42. Kg2 Qd5+ 43. Qxd5 exd5 44. Kf3 d4 45. cxd4 b4 46. Ke3 Kf7 47. Ng3 Ke7 48. Kd2 Kd6 49. Ne4+ Kd5 50. Ke3 b3 51. f6 Ke6 52. f5+ Kd7 53. Kd2 b2 54. Nc5+ Ke8 55. Kc2 Kf7 56. Kxb2 Bf1 57. Ne4 Bg2 58. Ng3 Kxf6 59. h4 Bd5 60. Kc3 Ke7 61. Kd3 Kd6 62. Ne4+ 1-0

[Event "Dubai op 22nd"]
[Site "Dubai"]
[Date "2022.09.01"]
[Round "6"]
[White "Erigaisi, Arjun Kumar"]
[Black "Jumabayev, Rinat"]
[Result "1-0"]
[WhiteElo "2689"]
[BlackElo "2615"]
[PlyCount "77"]
[EventDate "2022.08.27"]
[EventType "swiss"]
[EventRounds "9"]
[EventCountry "UAE"]
[SourceTitle "EXT 2023"]
[Source "ChessBase"]
[SourceDate "2022.10.05"]
[SourceVersion "1"]
[SourceVersionDate "2022.10.05"]
[SourceQuality "1"]

1. d4 Nf6 2. c4 e6 3. Nc3 Bb4 4. f3 c5 5. d5 b5 6. e4 d6 7. a3 Ba5 ({RR} 7... Bxc3+ 8. bxc3 bxc4 9. Bxc4 Qa5 10. Ne2 Ba6 11. Bxa6 Qxa6 12. dxe6 fxe6 13. O-O Nbd7 14. Nf4 Kf7 15. Nd3 Rhe8 16. Bf4 Kg8 17. Qc2 Rab8 18. c4 e5 19. Bg5 Rb6 20. a4 Reb8 21. Ra3 Qb7 22. a5 {Erigaisi,A (2728)-Bauer,C (2616) Mayrhofen 2022 ½-½ (58)}) 8. Bd3 ({RR} 8. Bd2 bxc4 9. Bxc4 O-O 10. Nge2 Bxc3 11. Nxc3 e5 12. O-O Nbd7 13. Be3 Rb8 14. Rb1 a5 15. Bb5 Nb6 16. a4 h6 17. b3 Nh7 18. Bc6 f5 19. exf5 Bxf5 20. Rc1 Nf6 21. Nb5 Kh8 22. Qd2 Kh7 {Melikhov,E (2138)-Bianchi,G (2105) chess.com INT 2025 1-0 (60)}) 8... O-O 9. Nge2 exd5 $146 ({RR} 9... bxc4 10. Bxc4 exd5 11. Bxd5 Nxd5 12. Qxd5 Be6 13. Qxa8 Bxc3+ 14. Nxc3 Qd7 15. Nd5 Re8 16. O-O Nc6 17. Nb6 axb6 18. Qa4 Qb7 19. Be3 Rd8 20. Rad1 Na5 21. Rxd6 Rf8 22. Bxc5 Nc4 23. Rxe6 bxc5 24. Re8 {Leenhouts,K (2433)-Alonso Garcia,A (2446) Belgium BEL 2024 1-0}) 10. cxd5 a6 11. O-O Nbd7 12. Bc2 Re8 13. g4 h6 14. Ng3 Ne5 15. Nce2 Bb6 16. Kg2 c4 17. Bd2 Nfd7 18. Bc3 Nc5 19. h3 Qh4 20. Qd2 Bd7 21. Nd4 g6 22. f4 Ned3 23. Bxd3 Nxd3 24. Nf3 Qd8 25. f5 g5 26. f6 Re5 27. Bxe5 dxe5 28. Nxg5 Nf4+ 29. Rxf4 exf4 30. Qxf4 Bd4 31. e5 Bxb2 32. Nxf7 Qf8 33. Nxh6+ Kh7 34. g5 Bxa1 35. Qe4+ Kh8 36. Qg6 Be8 37. f7 Bc6 38. dxc6 Bxe5 39. Nhf5 1-0

[Event "Airthings Masters Play-In"]
[Site "chess.com INT"]
[Date "2023.02.03"]
[Round "8"]
[White "Erigaisi, Arjun"]
[Black "Keymer, Vincent"]
[Result "1-0"]
[WhiteElo "2701"]
[BlackElo "2690"]
[PlyCount "77"]
[EventDate "2023.02.03"]

1. d4 {ChessBase} Nf6 2. c4 e6 3. Nc3 Bb4 4. f3 d5 5. a3 Bd6 6. e4 dxe4 ({RR} 6... c5) 7. fxe4 e5 8. d5 O-O 9. Nf3 Bg4 10. h3 ({RR} 10. Be3 Nbd7 11. Be2 Bc5 12. Qd2 a5 13. h3 Bxf3 14. Bxf3 c6 15. O-O Qb6 16. Bf2 a4 17. Rab1 Rfe8 18. Kh1 cxd5 19. exd5 e4 20. Bxc5 Qxc5 21. Be2 h6 22. Qc2 Qe3 23. Rbe1 Nc5 24. Nb5 Re5 {Ebrahimi Herab,H (2417)-Keymer,V (2719) chess.com INT 2025 0-1 (46)}) 10... Bh5 11. Be3 $146 ({RR} 11. g4 Bg6 12. Bg5 Nbd7 13. Bd3 c6 14. b4 cxd5 15. Nxd5 h6 16. Bh4 Be7 17. Nxe7+ Qxe7 18. O-O a5 19. Qd2 Rfc8 20. c5 Qe6 21. Qe2 b6 22. Bc4 Qe8 23. Bxf6 Nxf6 24. Nh4 Kh7 25. Nxg6 fxg6 {Kobo,O (2410)-Georgiev,K (2623) Jerusalem 2015 ½-½ (66)}) ({RR} 11. Bd3 Bc5 12. g4 Bg6 13. Bc2 ({RR} 13. Nxe5 Nbd7 14. Nxg6 fxg6) 13... Re8 14. Bg5 ({RR} 14. b4 Bd4 15. Nxd4 exd4 16. Qxd4 Nc6 17. Qe3 Ne5) 14... h6 15. Bh4 c6 16. b4 Be7 17. O-O a5 ({RR} 17... Nxd5 18. exd5 Bxh4 19. Bxg6 fxg6 20. Ne4) 18. Nxe5 axb4 19. Nxg6 fxg6 20. e5 ({RR} 20. axb4 Rxa1 21. Qxa1 Nxd5 22. exd5 Bxh4 23. Bxg6 Qd6) 20... Nfd7 21. Bxe7 Qxe7 22. Bxg6 bxc3 23. Bxe8 Qxe8 ({RR} 23... Nxe5) 24. e6 Nf6 25. Qd3 cxd5 {Mamedyarov,S (2764)-Karjakin,S (2767) Tashkent 2014 CBM 163 [ChessBase] ½-½ (41)}) 11... Nbd7 12. Be2 Bc5 13. Qd3 c6 14. dxc6 Bxf3 15. cxd7 Bxe2 16. Qxe2 Bxe3 17. Qxe3 Qxd7 18. Rd1 Qe6 19. Nd5 Rfc8 20. O-O Nxd5 21. cxd5 Qb6 22. Qxb6 axb6 23. Rf3 Ra4 24. Rb3 Rxe4 25. Rxb6 Re2 26. Rxb7 f6 27. Rd3 Rcc2 28. Rg3 g6 29. d6 Red2 30. a4 Rxd6 31. a5 f5 32. Re7 Rdd2 33. Kh1 Kf8 34. Rxh7 f4 35. Rb3 Rd8 36. a6 e4 37. Rh8+ Ke7 38. Rxd8 f3 39. gxf3 1-0

[Event "PRO League KO 2023"]
[Site "chess.com INT"]
[Date "2023.05.12"]
[Round "1.2"]
[White "Erigaisi, Arjun"]
[Black "Lazavik, Denis"]
[Result "1-0"]
[WhiteElo "2701"]
[BlackElo "2544"]
[PlyCount "83"]
[EventDate "2023.05.11"]
[WhiteTeam "MGD1"]
[BlackTeam "Levitov Chess Wizards"]

1. c4 Nf6 2. d4 e6 3. Nc3 Bb4 4. f3 d5 5. a3 Bxc3+ 6. bxc3 c5 7. cxd5 Nxd5 8. dxc5 Qa5 9. e4 Nf6 10. Be3 O-O 11. Kf2 Nfd7 12. a4 Nxc5 13. Qd6 Nxa4 14. Be2 Bd7 15. Nh3 Rc8 16. Rhd1 Be8 17. Ng5 $146 ({RR} 17. Qg3 Nc6 18. Rxa4 Qxa4 19. Bh6 g6 20. Qd6 Bd7 21. Qf4 Qa5 22. Rxd7 Rf8 23. Bxf8 Rxf8 24. Qh6 Qc5+ 25. Kf1 Qxc3 26. Ng5 Qa1+ 27. Kf2 Qh8 28. Rxb7 a5 29. Rc7 Nd8 30. Bb5 Qd4+ 31. Kg3 Qe5+ {Avila Jimenez,J (2129)-Rizouk,A (2454) Barcelona ESP 2023 1-0 (37)}) 17... Na6 18. e5 Rd8 19. Qe7 Qc7 20. Qxc7 Nxc7 21. Rxd8 Rxd8 22. Ne4 Bc6 23. c4 b6 24. Nd6 Ra8 25. f4 Na6 26. Bf3 Bxf3 27. Rxa4 Bxg2 28. Kxg2 Nc7 29. Kf3 h5 30. Ke4 Kf8 31. f5 exf5+ 32. Kxf5 Ke7 33. Nb5 g6+ 34. Ke4 Nxb5 35. cxb5 Ke6 36. Bd4 g5 37. Ra6 Rc8 38. Rxa7 Rc2 39. Rb7 Rxh2 40. Rxb6+ Kd7 41. Rf6 Ke7 42. b6 1-0

[Event "7th Sharjah Masters 2024"]
[Site "Sharjah UAE"]
[Date "2024.05.20"]
[Round "7.4"]
[White "Erigaisi, Arjun"]
[Black "Maghsoodloo, Parham"]
[Result "1/2-1/2"]
[WhiteElo "2762"]
[BlackElo "2733"]
[PlyCount "103"]
[EventDate "2024.05.14"]

1. d4 Nf6 2. c4 e6 3. Nc3 Bb4 4. f3 c5 5. d5 b5 6. e4 O-O 7. e5 Ne8 8. f4 exd5 9. cxd5 d6 10. Nf3 c4 11. a4 dxe5 12. fxe5 Bg4 13. axb5 Nd7 14. Bf4 Nc7 15. Bxc4 Nb6 16. Be2 $146 ({RR} 16. Qd4 Bxf3 17. gxf3 Qh4+ 18. Ke2 Bxc3 19. bxc3 Ncxd5 20. Bxd5 Nxd5 21. Be3 Qd8 22. Rhd1 Nxe3 23. Qxd8 Rfxd8 24. Kxe3 Rdc8 25. Rd3 h5 26. Ra6 Rab8 27. Rxa7 Rxb5 28. h4 Rxe5+ 29. Kf4 Re6 30. Rad7 Rf6+ {Kornyukov,A (2452)-Ferey,A (2181) chess.com INT 2023 0-1 (32)}) 16... Nbxd5 17. Bd2 Bc5 18. Qa4 Qd7 19. Qc4 Bb6 20. Na4 Bxf3 21. Bxf3 Rae8 22. O-O-O Rxe5 23. Rhe1 Qf5 24. Rxe5 Qxe5 25. Re1 Qd6 26. Qc6 Rd8 27. Nxb6 axb6 28. Rd1 Ne7 29. Qxd6 Rxd6 30. Be3 Rxd1+ 31. Kxd1 Ned5 32. Bf2 f5 33. Kd2 Kf7 34. Kd3 g5 35. Kc4 Ke6 36. h3 Ke5 37. Bd4+ Kd6 38. g4 f4 39. Be4 h6 40. Bf3 Ke6 41. Bg7 Kf7 42. Bd4 Ke6 43. Bg7 Kf7 44. Bd4 Ke6 45. Be4 Kd6 46. Bh1 Ke6 47. Bf3 Kd6 48. b3 Ke6 49. Bg7 Kf7 50. Bd4 Ke6 51. Bg7 Kf7 52. Bd4 1/2-1/2

[Event "ChessKid Cup Play-In"]
[Site "chess.com INT"]
[Date "2023.05.01"]
[Round "2.46"]
[White "Erigaisi, Arjun"]
[Black "Moiseenko, A1."]
[Result "1/2-1/2"]
[WhiteElo "2701"]
[BlackElo "2573"]
[PlyCount "115"]
[EventDate "2023.05.01"]

1. d4 Nf6 2. c4 e6 3. Nc3 Bb4 4. f3 d5 5. a3 Be7 6. e4 dxe4 7. fxe4 c5 8. d5 exd5 9. exd5 O-O 10. Be2 a6 11. Nf3 h6 12. O-O Bd6 13. h3 Re8 14. Bd3 Nbd7 15. b3 $146 ({RR} 15. Bc2 Nf8 16. Re1 Bd7 17. Be3 Qc8 18. Qd2 Bf5 19. Ba4 Ne4 20. Nxe4 Rxe4 21. Bc2 Re8 22. Nh4 Bxc2 23. Qxc2 Re5 24. Qf2 g5 25. Nf3 Re8 26. Bd2 Qf5 27. Bc3 Qf4 28. b3 Ng6 29. Rxe8+ Rxe8 {Voit,D (2329)-Goltseva,E (2356) Moscow RUS 2024 ½-½ (41)}) ({RR} 15. Qc2 Ne5 16. Nxe5 Bxe5 17. Bf4 Bd4+ 18. Kh1 Bd7 19. Rae1 Rxe1 20. Rxe1 Qb6 21. Re7 Re8 22. Rxe8+ Nxe8 23. Qe2 Kf8 24. d6 Bxc3 25. Qe7+ Kg8 26. Qxd7 Nxd6 27. bxc3 {1-0 (27) Potapova,M (2226)-Abdurakhmonov,M (2392) chess.com INT 2025}) 15... Ne5 16. Ra2 Nxd3 17. Qxd3 Bd7 18. g4 b5 19. g5 bxc4 20. bxc4 Bxh3 21. gxf6 Bxf1 22. Kxf1 Qxf6 23. Ne4 Qf5 24. Nf2 Qxd3+ 25. Nxd3 Re4 26. Rc2 Rb8 27. Nf2 Re7 28. Nh4 Rbe8 29. Nd3 Re4 30. Nf5 Bf8 31. d6 g6 32. Nxh6+ Bxh6 33. Bxh6 Rd4 34. Nxc5 Rxd6 35. Bf4 Rf6 36. Rf2 Rc6 37. Nd7 f6 38. Bc1 Ree6 39. Bb2 Rxc4 40. Nxf6+ Kf7 41. Nd5+ Ke8 42. Rh2 Kd7 43. Rd2 Kc6 44. Nb4+ Kb5 45. Rd5+ Ka4 46. Nd3 Kb3 47. Bd4 Kxa3 48. Ra5+ Kb3 49. Nc5+ Kb4 50. Ra4+ Kb5 51. Rxc4 Kxc4 52. Nxe6 Kd5 53. Nc7+ Kxd4 54. Nxa6 Ke3 55. Kg2 Kf4 56. Nc5 g5 57. Ne6+ Kf5 58. Nxg5 1/2-1/2

[Event "Castelldefels Llobregat op 2nd"]
[Site "Castelldefels"]
[Date "2021.12.08"]
[Round "9"]
[White "Erigaisi, Arjun Kumar"]
[Black "Muradli, Mahammad"]
[Result "1/2-1/2"]
[WhiteElo "2627"]
[BlackElo "2501"]
[PlyCount "83"]
[EventDate "2021.11.30"]
[EventType "swiss"]
[EventRounds "9"]
[EventCountry "ESP"]
[SourceTitle "CBM 205 Extra"]
[Source "ChessBase"]
[SourceDate "2022.01.31"]
[SourceVersion "1"]
[SourceVersionDate "2022.01.31"]
[SourceQuality "1"]

1. d4 Nf6 2. c4 e6 3. Nc3 Bb4 4. f3 d5 5. a3 Bd6 6. Bg5 h6 ({RR} 6... Be7 7. e4 Nxe4 8. Bxe7 Nxc3 9. Bxd8 Nxd1 10. Bxc7 Nxb2 11. cxd5 exd5 12. Ne2 Nc6 13. Nf4 O-O 14. Kf2 Bf5 15. Nxd5 Rac8 16. Bb5 Nxd4 17. Ne7+ Kh8 18. Nxc8 Rxc8 19. Ra2 Nxb5 20. Rxb2 Nxc7 21. Rxb7 {Belous,V (2564)-Mamedyarov,S (2766) Chess.com INT 2017 ½-½ (53)}) ({RR} 6... c5 7. e3 cxd4 8. exd4 h6 9. Bh4 Nc6 10. c5 Be7 11. Bd3 O-O 12. Nge2 e5 13. dxe5 Nxe5 14. Bxf6 Bxf6 15. Nxd5 Bh4+ 16. Kf1 Nxf3 17. gxf3 Bh3+ 18. Kg1 Qg5+ 19. Ng3 Bxg3 20. hxg3 Qxg3# {0-1 (20) Brandao,M (1991)-Poupalos,N (2207) chess.com INT 2025}) 7. Bh4 c5 8. cxd5 exd5 $146 ({RR} 8... cxd4 9. Qxd4 Nc6 10. Qa4 exd5 11. Rd1 Be6 12. e4 g5 13. Bf2 O-O 14. h4 Re8 15. hxg5 hxg5 16. Be2 dxe4 17. Nb5 Bd5 18. fxe4 Rxe4 19. Qc2 Bf4 20. Nc3 Ne7 21. Nxe4 Nxe4 22. Bd4 Ng6 23. Bf3 {Meleghegyi,C-Eperjesi,L Budapest 1973 1-0}) 9. e3 O-O 10. Bd3 Re8 11. Nge2 Be7 12. O-O Nc6 13. Bc2 Be6 14. Kh1 Nd7 15. Bf2 cxd4 16. exd4 Bd6 17. h3 Rc8 18. f4 f5 19. Qd3 Qf6 20. Qf3 Qf7 21. g4 Ne7 22. g5 hxg5 23. fxg5 f4 24. Bg1 Ng6 25. Qd3 Ndf8 26. Bh2 Qd7 27. Ba4 Qf7 28. Bxe8 Rxe8 29. Qf3 Nh4 30. Qf2 Nfg6 31. Bxf4 Rf8 32. Qg3 Nf5 33. Qd3 Nxf4 34. Nxf4 Bxf4 35. Rxf4 Ng3+ 36. Qxg3 Qxf4 37. Qxf4 Rxf4 38. Re1 Kf7 39. Nb5 Bxh3 40. Re5 Bd7 41. Nd6+ Kg6 42. Re7 1/2-1/2

[Event "Riga Tech op-A"]
[Site "Riga"]
[Date "2021.08.12"]
[Round "6"]
[White "Erigaisi, Arjun Kumar"]
[Black "Narayanan, Sunilduth Lyna"]
[Result "1/2-1/2"]
[WhiteElo "2597"]
[BlackElo "2624"]
[PlyCount "80"]
[EventDate "2021.08.09"]
[EventType "swiss"]
[EventRounds "9"]
[EventCountry "LAT"]
[SourceTitle "CBM 203 Extra"]
[Source "ChessBase"]
[SourceDate "2021.09.30"]
[SourceVersion "1"]
[SourceVersionDate "2021.09.30"]
[SourceQuality "1"]

1. d4 {Edouard,Romain} Nf6 2. c4 e6 3. Nc3 Bb4 4. Qc2 d5 5. a3 Bxc3+ 6. Qxc3 c5 7. dxc5 d4 8. Qg3 Nc6 9. Qxg7 ({RR} 9. b4 e5 10. Qxg7 Rg8 11. Qh6 Be6 12. Bg5 Rg6 13. Qh4 a5 14. b5 Nb4 15. Rc1 ({RR} 15. axb4 axb4) 15... Na2 16. Rc2 Nc3 17. Nf3 Bf5 18. Rc1 Qe7 19. Bxf6 Rxf6 20. Qg3 Re6 ({RR} 20... Qxc5 21. Qxe5+ Qxe5 22. Nxe5 Rc8) 21. Qg8+ Qf8 22. Qxf8+ Kxf8 23. g3 ({RR} 23. Nh4) 23... Re7) 9... Rg8 10. Qh6 Rg6 11. Qd2 e5 12. g3 Ne4 13. Qd1 ({RR} 13. Qc2 Bf5 ({RR} 13... Nxc5 14. b4 d3 15. exd3 Nd4) 14. Bh3 Qf6 15. Bxf5 Qxf5 16. Nf3 Nxg3 17. Qxf5 Nxf5) 13... Bf5 $146 ({RR} 13... Nxc5 14. Bg2 ({RR} 14. b4 Ne4 15. Bg2 Nc3 16. Qc2 Qf6 17. Bb2 Bf5 18. e4) 14... a5 15. Nf3 e4 ({RR} 15... a4) 16. Nd2 ({RR} 16. Nh4 Rg4) 16... Bf5 17. O-O a4 ({RR} 17... Qb6 18. Rb1 e3 19. fxe3 Bxb1 20. Nxb1) 18. b4 axb3 19. Nxb3 Na4 20. Bd2 Qd7 ({RR} 20... Kf8) 21. Bb4 Rd8 22. Nc5 ({RR} 22. Qc2 e3 23. Qc1 Nxb4 24. axb4 Nc3 25. Qe1 Bg4 26. fxe3 Nxe2+ 27. Kh1 d3) ({RR} 22. e3 d3 23. Nd2 Nxb4 24. axb4 Nc3 25. Qh5) 22... Nxc5 23. Bxc5 Qe6 24. Qa4 Bh3 25. f4 Qf5 ({RR} 25... Bxg2 26. f5) 26. Bb6 Bxg2 27. Kxg2 Rh6 28. Kg1 {Hambleton,A (2445)-Edouard,R (2639) Montreal 2015 CBM 168 [Edouard,Romain] 0-1 (46)}) ({RR} 13... a5) 14. Bg2 d3 15. Qxd3 Qxd3 16. exd3 Nxc5 17. b4 Nxd3+ 18. Kf1 Nd4 19. Bd2 O-O-O 20. Bc3 Nxb4 21. Bh3 Bxh3+ 22. Nxh3 Nbc2 23. Ra2 Rc6 24. Bxd4 Nxd4 25. Ng5 f6 26. Ne4 f5 27. Nd2 Ne6 28. Kg2 e4 29. Rb1 Rd3 30. Rb5 Nc5 31. Nf1 a6 32. Rb1 Rg6 33. Kh1 f4 34. gxf4 Rf3 35. Ng3 Rxf4 36. Rd2 Nd3 37. Nxe4 Rxe4 38. Rxd3 Rxc4 39. Rf3 b5 40. Re1 Rc7 1/2-1/2

[Event "Chessable Masters Play-In"]
[Site "chess.com INT"]
[Date "2023.03.13"]
[Round "2"]
[White "Erigaisi, Arjun"]
[Black "Neiksans, A.."]
[Result "1-0"]
[WhiteElo "2701"]
[BlackElo "2611"]
[PlyCount "55"]
[EventDate "2023.03.13"]

1. d4 Nf6 2. c4 e6 3. Nc3 Bb4 4. f3 c5 5. d5 exd5 6. cxd5 d6 7. e4 a6 ({RR} 7... O-O 8. Bg5 h6 9. Bh4 Nbd7 10. a3 Ba5 11. Nh3 Qe8 12. Nf2 a6 13. Be2 b5 14. O-O Nh5 15. Qd2 Bb6 16. g4 Nhf6 17. Bg3 Qe7 18. Kh1 Ne5 19. Nd3 Nfd7 20. f4 Nxd3 21. Bxd3 c4 22. Bc2 {Sevian,S (2660)-Wagner,D (2334) Chess.com INT 2021 1-0 (42)}) ({RR} 7... Nbd7 8. a3 Bxc3+ 9. bxc3 O-O 10. Ne2 b5 11. g3 Rb8 12. Bg2 Ne5 13. O-O Nc4 14. Qd3 Nd7 15. f4 f5 16. a4 a6 17. exf5 Ndb6 18. Be4 Qf6 19. g4 Qh4 20. h3 Nxa4 21. Rxa4 {1-0 (21) Gogolev,A (2240)-Kozak,M (2176) chess.com INT 2025}) 8. a4 Nbd7 9. Nh3 O-O $146 ({RR} 9... Qe7 10. Nf2 Nb6 11. Be2 O-O 12. O-O Re8 13. Re1 Bd7 14. g4 Kh8 15. Bf4 Ng8 16. a5 Nc8 17. Nd3 Bxc3 18. bxc3 c4 19. Nb2 b5 20. axb6 Nxb6 21. Be3 Qd8 22. Qd4 Rb8 23. Rxa6 Nxd5 24. Qxd5 {Bogdanovich,G (2375)-Hillmann,R Leipzig 1996 1-0}) 10. Be2 Ne5 11. Nf2 Rb8 12. O-O Bd7 13. g4 b5 14. g5 Ne8 15. f4 Nc4 16. axb5 axb5 17. Bxc4 bxc4 18. f5 f6 19. h4 Rb7 20. g6 hxg6 21. fxg6 f5 22. Bg5 Nf6 23. Bxf6 Qxf6 24. Qh5 Re8 25. exf5 Bxc3 26. bxc3 Re3 27. Ra8+ Be8 28. Qh7+ 1-0